| 000 | 00545nam a22001817a 4500 | ||
|---|---|---|---|
| 003 | OSt | ||
| 008 | 210916b ||||| |||| 00| 0 eng d | ||
| 020 | _a9789389547962 | ||
| 082 |
_a631.3 _bDES/EL |
||
| 100 |
_aDesmond,Kevin _95075 |
||
| 245 |
_aEectric machines In Agriculture _bOrigins , Developments and Applications |
||
| 260 |
_aNew Delhi _bNew india publishing Agency _c2020 |
||
| 300 | _a195 pages | ||
| 650 |
_aFarm Equipment, _95076 |
||
| 650 |
_aAgicultural Machines _95077 |
||
| 650 |
_aElectromachanical Devices _95078 |
||
| 942 | _cBK | ||
| 999 |
_c17444 _d17444 |
||